<?xml version="1.0" encoding="UTF-8"?>
<record
    xmlns:xsi="http://www.w3.org/2001/XMLSchema-instance"
    xsi:schemaLocation="http://www.loc.gov/MARC21/slim http://www.loc.gov/standards/marcxml/schema/MARC21slim.xsd"
    xmlns="http://www.loc.gov/MARC21/slim">

  <leader>01441namaa22003131i 4500</leader>
  <controlfield tag="005">20260302101244.0</controlfield>
  <controlfield tag="008">260302s1994    ua a|||frm||| 000 0 eng d</controlfield>
  <datafield tag="040" ind1=" " ind2=" ">
    <subfield code="a">EG-GICUC</subfield>
    <subfield code="b">eng</subfield>
    <subfield code="c">EG-GICUC</subfield>
    <subfield code="d">EG-GICUC</subfield>
    <subfield code="e">rda</subfield>
  </datafield>
  <datafield tag="041" ind1="0" ind2=" ">
    <subfield code="a">eng</subfield>
    <subfield code="b">eng</subfield>
    <subfield code="b">ara</subfield>
  </datafield>
  <datafield tag="049" ind1=" " ind2=" ">
    <subfield code="a">Deposit</subfield>
  </datafield>
  <datafield tag="097" ind1=" " ind2=" ">
    <subfield code="a">Ph.D</subfield>
  </datafield>
  <datafield tag="099" ind1=" " ind2=" ">
    <subfield code="a">Cai01.13.02.Ph.D.1994.Na.L</subfield>
  </datafield>
  <datafield tag="100" ind1="0" ind2=" ">
    <subfield code="a">Nabil Ashry Ibrahim Abd El-Fatah Nahas,</subfield>
    <subfield code="e">preparation.</subfield>
  </datafield>
  <datafield tag="245" ind1="1" ind2="0">
    <subfield code="a">Land use-Traffic Interaction Aproposed Model For Land Use Planning in the city center /</subfield>
    <subfield code="c">By Nabil Ashry Ibrahim Abd El-Fatah Nahas ; Supervised Ass. Prof. Dr. Khaled G. Abd El-Nasser, Prof. Dr. Mahmoud Yosry Hassan</subfield>
  </datafield>
  <datafield tag="246" ind1="1" ind2="5">
    <subfield code="a">&#x627;&#x644;&#x639;&#x644;&#x627;&#x642;&#x627;&#x62A; &#x627;&#x644;&#x62A;&#x628;&#x627;&#x62F;&#x644;&#x629; &#x628;&#x64A;&#x646; &#x627;&#x633;&#x62A;&#x639;&#x645;&#x627;&#x644;&#x627;&#x62A; &#x627;&#x644;&#x627;&#x631;&#x627;&#x636;&#x64A; &#x648;&#x627;&#x644;&#x645;&#x631;&#x648;&#x631; &#x646;&#x645;&#x648;&#x630;&#x62C; &#x648;&#x645;&#x642;&#x62A;&#x631;&#x62D; &#x644;&#x62A;&#x62E;&#x637;&#x64A;&#x637; &#x627;&#x644;&#x627;&#x633;&#x62A;&#x639;&#x645;&#x627;&#x644;&#x627;&#x62A; &#x628;&#x648;&#x633;&#x637; &#x627;&#x644;&#x645;&#x62F;&#x64A;&#x646;&#x629;</subfield>
  </datafield>
  <datafield tag="264" ind1=" " ind2="0">
    <subfield code="c">1994.</subfield>
  </datafield>
  <datafield tag="300" ind1=" " ind2=" ">
    <subfield code="a">260 Leaves</subfield>
    <subfield code="b">illustrations </subfield>
    <subfield code="c">30 cm. + </subfield>
  </datafield>
  <datafield tag="336" ind1=" " ind2=" ">
    <subfield code="2">rda content</subfield>
    <subfield code="a">text</subfield>
  </datafield>
  <datafield tag="337" ind1=" " ind2=" ">
    <subfield code="2">rdamedia</subfield>
    <subfield code="a">Unmediated</subfield>
  </datafield>
  <datafield tag="338" ind1=" " ind2=" ">
    <subfield code="2">rdacarrier</subfield>
    <subfield code="a">volume</subfield>
  </datafield>
  <datafield tag="502" ind1=" " ind2=" ">
    <subfield code="a">Thesis (Ph.D)-Cairo University, 1994.</subfield>
  </datafield>
  <datafield tag="504" ind1=" " ind2=" ">
    <subfield code="a">Bibliography: pages 203-260</subfield>
  </datafield>
  <datafield tag="653" ind1=" " ind2="0">
    <subfield code="a">Land use-Traffic Interaction Aproposed </subfield>
  </datafield>
  <datafield tag="700" ind1="0" ind2=" ">
    <subfield code="a">Khaled G. Abd El-Nasser</subfield>
    <subfield code="e">thesis advisor.</subfield>
  </datafield>
  <datafield tag="700" ind1="0" ind2=" ">
    <subfield code="a">Mahmoud Yosry Hassan</subfield>
    <subfield code="e">thesis advisor.</subfield>
  </datafield>
  <datafield tag="900" ind1=" " ind2=" ">
    <subfield code="D">Department of Architecture</subfield>
    <subfield code="F">Faculty of Engineering</subfield>
    <subfield code="U">Cairo University</subfield>
    <subfield code="b">1994</subfield>
    <subfield code="c">Khaled G. Abd El-Nasser</subfield>
    <subfield code="c">Mahmoud Yosry Hassan</subfield>
  </datafield>
  <datafield tag="905" ind1=" " ind2=" ">
    <subfield code="a">Nehad</subfield>
  </datafield>
  <datafield tag="942" ind1=" " ind2=" ">
    <subfield code="2">ddc</subfield>
    <subfield code="c">TH</subfield>
    <subfield code="e">21</subfield>
    <subfield code="n">0</subfield>
  </datafield>
  <datafield tag="999" ind1=" " ind2=" ">
    <subfield code="c">178784</subfield>
  </datafield>
  <datafield tag="952" ind1=" " ind2=" ">
    <subfield code="2">ddc</subfield>
    <subfield code="9">315388</subfield>
    <subfield code="a">CUCL</subfield>
    <subfield code="b">100</subfield>
    <subfield code="d">2026-03-02</subfield>
    <subfield code="i">25242</subfield>
    <subfield code="o">Cai01.13.02.Ph.D.1994.Na.L</subfield>
    <subfield code="p">01010110025242000</subfield>
    <subfield code="r">2026-03-02 10:19:26</subfield>
    <subfield code="w">2026-03-02</subfield>
    <subfield code="y">TH</subfield>
  </datafield>
</record>
